ნორმალური ფორმატი
MARC ფორმატი
ჩანაწერი Corporate Name
ჩანაწერთა რაოდენობა, რომელიც გამოყენებულია: 1
001 - CONTROL NUMBER
- control field: 4416
003 - CONTROL NUMBER IDENTIFIER
- control field: GE_BSU
005 - DATE AND TIME OF LATEST TRANSACTION
- control field: 20191001114714.0
008 - FIXED-LENGTH DATA ELEMENTS
- fixed length control field: 191001|| aca||aabn | a|a d
040 ## - CATALOGING SOURCE
- Original cataloging agency: GE_BSU
- Transcribing agency: GE_BSU
110 ## - HEADING--CORPORATE NAME
- Corporate name or jurisdiction name as entry element:
- Relator term: კურუკულუმის რეფორმა სამოქალაქო განათლებისა და დემოკრატიის პრინციპების ხელშეწყობისათვის მასწავლებელთა მომზადების პროგრამებში ისრაელსა და საქართველოში
670 ## - SOURCE DATA FOUND
- Source citation: Work cat.: (GE_BSU): შავერდაშვილი , ეკატერინე. 4414, ცოდნა და ღირებულებითი განათლება შესავალი /
